Five go off to Camp (Record no. 550179)
[ view plain ]
| 000 -LEADER | |
|---|---|
| fixed length control field | 01126cam a2200229 a 4500 |
| 020 ## - INTERNATIONAL STANDARD BOOK NUMBER | |
| International Standard Book Number | 0861636821 |
| 082 00 - DEWEY DECIMAL CLASSIFICATION NUMBER | |
| Classification number | 808.068 |
| Author Mark | KNO |
| 100 1# - MAIN ENTRY--PERSONAL NAME | |
| Personal name | Blyton, Enid. |
| 9 (RLIN) | 11689 |
| 240 ## - UNIFORM TITLE | |
| Uniform title | The famous five |
| 245 14 - TITLE STATEMENT | |
| Title | Five go off to Camp |
| 260 ## - PUBLICATION, DISTRIBUTION, ETC. | |
| Place of publication, distribution, etc. | Geneva : |
| Name of publisher, distributor, etc. | Edito-Service, |
| 300 ## - PHYSICAL DESCRIPTION | |
| Extent | P156. |
| Other physical details | ill. ; |
| Dimensions | 19 cm. |
| 490 0# - SERIES STATEMENT | |
| Series statement | Heron books |
| 500 ## - GENERAL NOTE | |
| General note | The famous five and the stately homes gang by Claude Voilier. |
| 505 0# - FORMATTED CONTENTS NOTE | |
| Formatted contents note | [1] Five on a treasure island. Five go adventuring again [2] Five run away together. Five go to Smuggler's Top [3] Five go off in a caravan. Five on Kirrin Island again [4] Five go off to camp. Five get into trouble [5] Five have a wonderful time. Five go down to the sea [6] Five go to Mystery Moor. Five have plenty of fun [7] Five go to Demon's Rocks. Five have a mystery to solve [8] Five are together again. The famous five and the stately homes gang. |
| 526 ## - STUDY PROGRAM INFORMATION NOTE | |
| Program name | 0 |
| Interest level | 0 |
| Reading level | 0 |
| Title point value | 808_068000000000000_KNO |
| 650 #0 - SUBJECT ADDED ENTRY--TOPICAL TERM | |
| Topical term or geographic name entry element | Children's stories, English. |
| 9 (RLIN) | 11694 |
| 650 #1 - SUBJECT ADDED ENTRY--TOPICAL TERM | |
| Topical term or geographic name entry element | Adventure and adventurers |
| General subdivision | Fiction. |
| 9 (RLIN) | 11666 |
| 650 #1 - SUBJECT ADDED ENTRY--TOPICAL TERM | |
| Topical term or geographic name entry element | MCE |
| 9 (RLIN) | 379 |
| 700 12 - ADDED ENTRY--PERSONAL NAME | |
| Personal name | Voilier, Glaude. |
| 9 (RLIN) | 46903 |
| 942 ## - ADDED ENTRY ELEMENTS (KOHA) | |
| Source of classification or shelving scheme | |
| Koha item type | Book |
| Withdrawn status | Lost status | Source of classification or shelving scheme | Damaged status | Not for loan | Permanent Location | Current Location | Date acquired | Total Checkouts | Full call number | Barcode | Date last seen | Price effective from | Koha item type |
|---|---|---|---|---|---|---|---|---|---|---|---|---|---|
| Military College of Engineering (MCE) | Military College of Engineering (MCE) | 10/27/2014 | 808.068 KNO | MCE-44380 | 10/27/2014 | 10/27/2014 | Book |
